| Поле | Инд. | ПП | Название | Значение |
|---|---|---|---|---|
| Тип записи | a | |||
| Библиографический уровень | m | |||
| 001 | Контрольный номер | RU\TPU\book\193156 | ||
| 005 | Дата корректировки | 20140703190648.8 | ||
| 008 | Кодируемые данные | 100402s2009 RU a f z 001 1 rus u | ||
| 020 | a | ISBN | 978-5-94057-517-7 | |
| 020 | a | ISBN | 1-56881-134-9 (англ.) | |
| 040 | c | Служба, преобразующая запись | 63413507 | |
| d | Организация, изменившая запись | НБ ТвГУ | ||
| 041 | a | Код языка текста | rus | |
| h | Код языка оригинала | eng | ||
| 044 | a | Код страны публикации | RU | |
| 080 | a | Индекс УДК | 512.55 | |
| 084 | a | Индекс другой классификации/Индекс ББК | В144.3 | |
| 090 | a | Полочн. индекс | В144.3 | |
| x | Авторский знак | К 64 | ||
| 100 | 1_ | a | Автор | Конвей Джон Хортон |
| q | Полное имя | Конвей Д. Х. | ||
| 245 | 00 | a | Заглавие | О кватернионах и октавах, об их геометрии, арифметике и симметриях |
| c | Ответственность | пер. с англ. С. М. Львовского ; под ред. В. В. Доценко | ||
| 246 | _5 | a | Другая форма заглавия | On Quaternions and Octonions: their Geometry, Arithmetic, and Symmetry |
| 260 | a | Место издания | Москва | |
| b | Издательство | МЦНМО | ||
| c | Дата издания | 2009 | ||
| 300 | a | Объем | 182 с. | |
| b | Иллюстрации/ тип воспроизводства | ил. | ||
| 500 | a | Примечание | Доп. тит. л. на англ. яз. | |
| 504 | a | Библиография | Библиогр.: с. 173-175 | |
| 504 | a | Библиография | Предм. указ.: с. 177-182 | |
| 520 | a | Аннотация | Эта небольшая монография посвящена самым разнообразным геометрическим и арифметическим свойствам алгебр кватернионов и октав (чисел Кэли). В числе прочего, излагаются общая теория композиционных алгебр и теория тройственности, рассказывается о связи октав с лупами Муфанг, изучаются свойства кватернионных и октавных аналогов гауссовых целых чисел. Значительная часть материала книги не была до сих пор отражена в литературе на русском языке. | |
| 653 | a | Ключевые слова | Алгебра | |
| a | Ключевые слова | Арифметика | ||
| a | Ключевые слова | Геометрия | ||
| a | Ключевые слова | Гиперкомплексные числа | ||
| a | Ключевые слова | Кватернионы | ||
| a | Ключевые слова | Комплексные числа | ||
| a | Ключевые слова | Математика | ||
| a | Ключевые слова | Октавы (мат.) | ||
| a | Ключевые слова | Симметрии | ||
| a | Ключевые слова | Числа Кэли | ||
| 700 | 1_ | a | Другие авторы | Смит Дерек Алан |
| q | Полное имя | Смит, Д. А. | ||
| 901 | t | Тип документа | m | |
| 920 | a | Оператор | Стру | |
| 952 | c | Вид литературы | К рн | |
| 954 | a | Дата поступления на обработку | 20110506 |